Desarrollo de procedimiento para optimización del conteo electrónico de franjas, utilizando interferómetro de Michelson y un sensor optoelectrónico
Đã lưu trong:
| Tác giả chính: | |
|---|---|
| Định dạng: | Sách |
| Ngôn ngữ: | Spanish |
| Được phát hành: |
[San José, Costa Rica]
2010
|
| Những chủ đề: | |
| Các nhãn: |
Thêm thẻ
Không có thẻ, Là người đầu tiên thẻ bản ghi này!
|
MARC
| LEADER | 00000nam a22000007a 4500 | ||
|---|---|---|---|
| 003 | 010477 | ||
| 005 | 20221231144028.0 | ||
| 008 | 160113b2010 cr a|||| |||| 00| | spa d | ||
| 040 | |c cru CEDI | ||
| 090 | |a TFG 6360 | ||
| 100 | |9 1063 |a Quirós Alfaro, Jorge | ||
| 245 | |a Desarrollo de procedimiento para optimización del conteo electrónico de franjas, utilizando interferómetro de Michelson y un sensor optoelectrónico | ||
| 260 | |a [San José, Costa Rica] |c 2010 | ||
| 500 | |a "IE - 0502 Proyecto Eléctrico" Proyecto de graduación (bachillerato en ingeniería eléctrica)--Universidad de Costa Rica. Facultad de Ingeniería. Escuela de Ingeniería Eléctrica | ||
| 600 | |x ELECTRONICA DIGITAL |x COMPUTADORAS ELECTRONICAS DIGITALES |9 2602 | ||
| 942 | |c TFG | ||
| 999 | |c 15845 |d 15845 | ||
